000
00170nam a22000857a 4500
082
_a
823
100
_a
ALMAS VIQUAS
245
_a
FAMOUS TALES OF AKBAR AND BIRBAL
942
_c
BK
999
_c
8326
_d
8326